| 000 | 00462nam a2200181Ia 4500 | ||
|---|---|---|---|
| 008 | 230524s9999 xx 000 0 und d | ||
| 020 | _a8125915974 | ||
| 082 |
_a4.133 _bRAJ |
||
| 100 |
_aRajneesh Agrawal _94588 |
||
| 245 | 0 | _aData Communication And Computer Networks | |
| 250 | _a1ST | ||
| 260 |
_aNEW DELHI _bVikas _c2005 |
||
| 300 | _aVII;397 | ||
| 500 | _aQuantity Number: 1 | ||
| 650 | _aComp-Sc | ||
| 700 |
_a Bharat Bhusan Tiwari _94589 |
||
| 942 | _cBK | ||
| 999 |
_c6723 _d6723 |
||